| 000 | 00830cam a22002654a 4500 | ||
|---|---|---|---|
| 001 | 16314970 | ||
| 005 | 20180207032756.0 | ||
| 008 | 100701s2011 enkaf f 001 0 eng | ||
| 010 | _a 2010028005 | ||
| 020 | _a9780195383188 (pbk. : alk. paper) | ||
| 035 | _a(DNLM)101534666 | ||
| 040 |
_aDNLM/DLC _cDLC _dDLC |
||
| 041 | _aeng | ||
| 042 | _apcc | ||
| 060 | 1 | 0 | _aWI 39 |
| 080 | _a616.33 | ||
| 082 | 0 | 0 |
_a616.33 CHE _222 |
| 100 | _a4 | ||
| 101 | _aSHM | ||
| 245 | 0 | 0 |
_aOxford American handbook of gastroenterology and hepatology / _cedited by Adam S Cheifetz ... [et al.] ; with Stuart Bloom, George Webster. |
| 246 | 1 | 3 | _aHandbook of gastroenterology and hepatology |
| 906 |
_a7 _bcbc _corignew _d1 _eecip _f20 _gy-gencatlg |
||
| 942 |
_2ddc _cBK |
||
| 999 |
_c41968 _d41968 |
||